Catalog

Record Details

Catalog Search



Reading scripture with the Church Fathers  Cover Image Book Book

Reading scripture with the Church Fathers / Christopher A. Hall

Record details

  • ISBN: 0-8308-1500-7
  • Physical Description: 223 s. ; 21 cm
  • Publisher: Downers Grove : InterVarsity Press, c1998

Content descriptions

Bibliography, etc. Note:
Obsahuje bibliografii a rejstřík
Subject: Bible
církevní otcové
patristika
prvotní církev
biblická exegeze
Genre: studie

Available copies

  • 3 of 3 copies available at Common Catalog SPOK.

Holds

  • 0 current holds with 3 total copies.
Show Only Available Copies
Location Call Number / Copy Notes Barcode Shelving Location Status Due Date
ETS Library 270.1 424470011705 Volný výběr Available -
ETS Library 270.1 424470018428 Volný výběr Available -
Jabok Library CD-3 424480023138 Odborná literatura Available -

LDR 01113cam a22003257a 4500
00110781
003CZ-PrJAB
00520190711111116.0
007ta
008980424s1998 xxu b 001 0 eng
020 . ‡a0-8308-1500-7 ‡q(brož.)
035 . ‡a(CZ PrSKC)000986076
040 . ‡aDLC ‡beng ‡cDLC ‡dDLC ‡dABD156 ‡dABD027
072 7. ‡a2-23/-27 ‡xBible. Biblistika ‡2Konspekt ‡95
08214. ‡a270.1
1001 . ‡aHall, Christopher A. ‡q(Christopher Alan), ‡d1950- ‡7uk2009485688 ‡4aut
24510. ‡aReading scripture with the Church Fathers / ‡cChristopher A. Hall
260 . ‡aDowners Grove : ‡bInterVarsity Press, ‡cc1998
300 . ‡a223 s. ; ‡c21 cm
504 . ‡aObsahuje bibliografii a rejstřík
63007. ‡aBible ‡7unn2006374667 ‡2czenas
65007. ‡acírkevní otcové ‡7ph114286 ‡2czenas
65007. ‡apatristika ‡7ph115696 ‡2czenas
65007. ‡aprvotní církev ‡7ph139152 ‡2czenas
65007. ‡abiblická exegeze ‡7ph118844 ‡2czenas
655 7. ‡astudie ‡7fd133597 ‡2czenas
910 . ‡aABG450
910 . ‡aABG312
995 . ‡aska
999 . ‡a7770 ‡bAUTOGEN ‡c7770 ‡tbiblio
901 . ‡a10781 ‡bUnknown ‡c10781 ‡tbiblio ‡sets

Additional Resources